Tilmann Riemenschneider (Record no. 3692)
[ view plain ]
| 000 -CABECERA | |
|---|---|
| campo de control de longitud fija | 00610nam a2200229 a 4500 |
| 001 - NÚMERO DE CONTROL | |
| campo de control | BRCA_3965 |
| 005 - FECHA Y HORA DE LA ÚLTIMA TRANSACCIÓN | |
| campo de control | 20190320204508.0 |
| 008 - DATOS DE LONGITUD FIJA--INFORMACIÓN GENERAL | |
| campo de control de longitud fija | 140110s1948----au-a######---#000-0#ger-# |
| 041 ## - CÓDIGO DE LENGUA | |
| Código de lengua del texto/banda sonora o título independiente | ger |
| 044 ## - CÓDIGO DEL PAÍS DE LA ENTIDAD EDITORA/PRODUCTORA | |
| Código MARC del país | au |
| 050 #4 - SIGNATURA TOPOGRÁFICA DE LA BIBLIOTECA DEL CONGRESO | |
| Número de clasificación | NB588.R5 |
| Número de documento/Ítem | .B53 1948 |
| 100 1# - ENTRADA PRINCIPAL--NOMBRE DE PERSONA | |
| Nombre de persona | Bier, Justus |
| 9 (RLIN) | 10315 |
| 245 10 - MENCIÓN DE TÍTULO | |
| Título | Tilmann Riemenschneider |
| Resto del título | ein Gedenkbuch |
| Mención de responsabilidad, etc. | Justus Bier. |
| 250 ## - MENCIÓN DE EDICIÓN | |
| Mención de edición | 6 |
| 260 ## - PUBLICACIÓN, DISTRIBUCIÓN, ETC. | |
| Lugar de publicación, distribución, etc. | Viena |
| Nombre del editor, distribuidor, etc. | A. Schroll |
| Fecha de publicación, distribución, etc. | 1948 |
| 300 ## - DESCRIPCIÓN FÍSICA | |
| Extensión | 37 p. |
| Otras características físicas | il., 111 láminas |
| Dimensiones | 25 cm. |
| 500 ## - NOTA GENERAL | |
| Nota general | CDE36 |
| 600 14 - PUNTO DE ACCESO ADICIONAL DE MATERIA--NOMBRE DE PERSONA | |
| Nombre de persona | Riemenschneider, Tilmann |
| Fechas asociadas al nombre | m. 1531 |
| 9 (RLIN) | 10316 |
| 650 14 - PUNTO DE ACCESO ADICIONAL DE MATERIA--TÉRMINO DE MATERIA | |
| Término de materia o nombre geográfico como elemento de entrada | Escultores alemanes |
| 9 (RLIN) | 10317 |
| 902 ## - CATALOGADOR | |
| Iniciales | GFM |
| 942 ## - ELEMENTOS DE PUNTO DE ACCESO ADICIONAL (KOHA) | |
| Fuente del sistema de clasificación o colocación | Library of Congress Classification |
| Tipo de ítem Koha | Libros |
| Estado de retiro | Estado de pérdida | Estado dañado | No para préstamo | Localización permanente | Ubicación/localización actual | Fecha de adquisición | Número de inventario | Total de préstamos | Signatura topográfica completa | Código de barras | Fecha visto por última vez | Precio válido a partir de | Tipo de ítem Koha |
|---|---|---|---|---|---|---|---|---|---|---|---|---|---|
| El ejemplar forma parte de la colección y puede ser consultado según las políticas vigentes. | Biblioteca del Museo Franz Mayer (Rogerio Casas-Alatriste) | Biblioteca del Museo Franz Mayer (Rogerio Casas-Alatriste) | 14/01/2010 | CDE36 | NB588.R5 .B53 1948 (CDE36) | 3962 | 22/03/2019 | 22/03/2019 | Libros |